000 00445nam a22001697a 4500
005 20251108171936.0
008 250721s9999 xx 000 0 ara d
082 1 4 _aط/523.1/أحم
100 1 _aسلق، أحمد
245 1 0 _aالفضاء /
264 1 _aبيروت :
_bدار الشرق العربي،
300 _a
490 0 _aغرائب الكون للناشئة
650 1 7 _aالكون
942 _2ddc
_cBK
999 _c66493
_d66493